000 00799nam a2200229 a 4500
001 44396
003 BD-RjUL
005 20211209053841.0
008 160717s2009 BG ||||| |||| 00| 0 ben d
020 _a9840747738
_cTK. 120.00
035 _a(BD-RjUL)44514
040 _aBD-RjUL
_beng
_cBD-RjUL
041 _aeng
082 _223
_a344.046
_bBEP 2009
100 1 _aবেগম, সাহিদা
_9136277
245 1 0 _aপরিবেশ আইন ও পরিবেশ আদালত /
_cসাহিদা বেগম
260 _aঢাকা :
_bবাংলা একাডেমী,
_c২০০৯
300 _a[৮], ২০৬ পৃ। ;
_c২৩ সেমি।
650 _aপরিবেশ আইন --
_9136278
650 _aEnvironmental law --
_9136279
942 _2ddc
_cBK
999 _c44396
_d44396